000 00765nam a22002657a 4500
001 4017
003 FISKH
005 20240531094529.0
008 240531b cb ||||| |||| 00| 0 eng d
020 _a0439586526
040 _aFISKH
_beng
_cFISKH
_dFISKH
082 _a372
100 _aSchecter, Deborah
_eauthor
245 _aWhat Shines ? /
_cby Deborah Schecter
260 _aNew York :
_bScholastic ;
_c2003
300 _a8 pages :
_billustrations ;
_c12 cm .
490 _aLittle Leveled Readers
_vLevel A
505 _aB
520 _aA little discovers all the things that shine.
521 _a40
_bLexile
521 _aB
_bRaz-Pus
650 _aEasy readers
_vFiction
700 _aKennedy, Anne
_eillustrator
942 _2ddc
_cBK
_n0
999 _c4017
_d4017